<?xml version="1.0" encoding="UTF-8"?>
<collection xmlns="http://www.loc.gov/MARC21/slim">
 <record>
  <leader>03866cam a2200817   4500</leader>
  <controlfield tag="001">601951956</controlfield>
  <controlfield tag="003">DE-627</controlfield>
  <controlfield tag="005">20240329063229.0</controlfield>
  <controlfield tag="007">tu</controlfield>
  <controlfield tag="008">090617s2009    xxu||||| cc   00| ||eng c</controlfield>
  <datafield tag="010" ind1=" " ind2=" ">
   <subfield code="a">  2009022658</subfield>
  </datafield>
  <datafield tag="020" ind1=" " ind2=" ">
   <subfield code="a">9781555953256</subfield>
   <subfield code="c">hardcover</subfield>
   <subfield code="9">978-1-55595-325-6</subfield>
  </datafield>
  <datafield tag="035" ind1=" " ind2=" ">
   <subfield code="a">(DE-627)601951956</subfield>
  </datafield>
  <datafield tag="035" ind1=" " ind2=" ">
   <subfield code="a">(DE-576)313863520</subfield>
  </datafield>
  <datafield tag="035" ind1=" " ind2=" ">
   <subfield code="a">(DE-599)GBV601951956</subfield>
  </datafield>
  <datafield tag="035" ind1=" " ind2=" ">
   <subfield code="a">(OCoLC)845549304</subfield>
  </datafield>
  <datafield tag="035" ind1=" " ind2=" ">
   <subfield code="a">(OCoLC)695695381</subfield>
  </datafield>
  <datafield tag="040" ind1=" " ind2=" ">
   <subfield code="a">DE-627</subfield>
   <subfield code="b">ger</subfield>
   <subfield code="c">DE-627</subfield>
   <subfield code="e">rakwb</subfield>
  </datafield>
  <datafield tag="041" ind1=" " ind2=" ">
   <subfield code="a">eng</subfield>
  </datafield>
  <datafield tag="044" ind1=" " ind2=" ">
   <subfield code="c">XD-US</subfield>
  </datafield>
  <datafield tag="050" ind1=" " ind2="0">
   <subfield code="a">N72.P5</subfield>
  </datafield>
  <datafield tag="082" ind1="0" ind2=" ">
   <subfield code="a">760.0944/07477435</subfield>
   <subfield code="q">LOC</subfield>
   <subfield code="2">22</subfield>
  </datafield>
  <datafield tag="082" ind1="0" ind2=" ">
   <subfield code="a">760.094407477435</subfield>
  </datafield>
  <datafield tag="084" ind1=" " ind2=" ">
   <subfield code="a">9,10</subfield>
   <subfield code="2">ssgn</subfield>
  </datafield>
  <datafield tag="084" ind1=" " ind2=" ">
   <subfield code="a">21.02</subfield>
   <subfield code="2">bkl</subfield>
  </datafield>
  <datafield tag="084" ind1=" " ind2=" ">
   <subfield code="a">21.42</subfield>
   <subfield code="2">bkl</subfield>
  </datafield>
  <datafield tag="245" ind1="1" ind2="4">
   <subfield code="a">The lens of impressionism</subfield>
   <subfield code="b">photography and painting along the Normandy coast, 1850 - 1874 ; [issued in connection with an exhibition ... ; venues: University of Michigan Museum of Art, October 10, 2009 - January 3, 2010 ; Dallas Museum of Art, February 21, 2010 - May 23, 2010]</subfield>
   <subfield code="c">Carole McNamara. With essays by Sylvie Aubenas ... [Organized by UMMA]</subfield>
  </datafield>
  <datafield tag="264" ind1=" " ind2="1">
   <subfield code="a">Manchester, Vt. [u.a.]</subfield>
   <subfield code="b">Hudson Hills Press</subfield>
   <subfield code="c">2009</subfield>
  </datafield>
  <datafield tag="264" ind1=" " ind2="1">
   <subfield code="a">Ann Arbor</subfield>
   <subfield code="b">University of Michigan Museum of Art [u.a.]</subfield>
   <subfield code="c">2009</subfield>
  </datafield>
  <datafield tag="300" ind1=" " ind2=" ">
   <subfield code="a">208 S.</subfield>
   <subfield code="b">zahlr. Ill.</subfield>
   <subfield code="c">32 cm</subfield>
  </datafield>
  <datafield tag="336" ind1=" " ind2=" ">
   <subfield code="a">Text</subfield>
   <subfield code="b">txt</subfield>
   <subfield code="2">rdacontent</subfield>
  </datafield>
  <datafield tag="336" ind1=" " ind2=" ">
   <subfield code="a">unbewegtes Bild</subfield>
   <subfield code="b">sti</subfield>
   <subfield code="2">rdacontent</subfield>
  </datafield>
  <datafield tag="337" ind1=" " ind2=" ">
   <subfield code="a">ohne Hilfsmittel zu benutzen</subfield>
   <subfield code="b">n</subfield>
   <subfield code="2">rdamedia</subfield>
  </datafield>
  <datafield tag="338" ind1=" " ind2=" ">
   <subfield code="a">Band</subfield>
   <subfield code="b">nc</subfield>
   <subfield code="2">rdacarrier</subfield>
  </datafield>
  <datafield tag="500" ind1=" " ind2=" ">
   <subfield code="a">Includes bibliographical references and index</subfield>
  </datafield>
  <datafield tag="583" ind1="1" ind2=" ">
   <subfield code="a">Archivierung prüfen</subfield>
   <subfield code="c">20211112</subfield>
   <subfield code="f">DE-640</subfield>
   <subfield code="z">1</subfield>
   <subfield code="2">pdager</subfield>
  </datafield>
  <datafield tag="583" ind1="1" ind2=" ">
   <subfield code="a">Archivierung/Langzeitarchivierung gewährleistet</subfield>
   <subfield code="f">SSG</subfield>
   <subfield code="x">XA-DE-BW</subfield>
   <subfield code="2">pdager</subfield>
   <subfield code="5">DE-16</subfield>
  </datafield>
  <datafield tag="583" ind1="1" ind2=" ">
   <subfield code="a">Archivierung prüfen</subfield>
   <subfield code="c">20240324</subfield>
   <subfield code="f">DE-4165</subfield>
   <subfield code="z">1</subfield>
   <subfield code="2">pdager</subfield>
  </datafield>
  <datafield tag="650" ind1=" " ind2="0">
   <subfield code="a">Art and photography</subfield>
   <subfield code="z">France</subfield>
   <subfield code="z">Normandy</subfield>
   <subfield code="x">History</subfield>
   <subfield code="y">19th century</subfield>
   <subfield code="v">Exhibitions</subfield>
  </datafield>
  <datafield tag="650" ind1=" " ind2="0">
   <subfield code="a">Impressionism (Art)</subfield>
   <subfield code="z">France</subfield>
   <subfield code="z">Normandy</subfield>
   <subfield code="v">Exhibitions</subfield>
  </datafield>
  <datafield tag="650" ind1=" " ind2="0">
   <subfield code="a">Coasts in art</subfield>
   <subfield code="v">Exhibitions</subfield>
  </datafield>
  <datafield tag="655" ind1=" " ind2="7">
   <subfield code="a">Ausstellungskatalog</subfield>
   <subfield code="y">2009</subfield>
   <subfield code="z">Michigan</subfield>
   <subfield code="0">(DE-588)4135467-9</subfield>
   <subfield code="0">(DE-627)10566491X</subfield>
   <subfield code="0">(DE-576)209660988</subfield>
   <subfield code="2">gnd-content</subfield>
  </datafield>
  <datafield tag="655" ind1=" " ind2="7">
   <subfield code="a">Ausstellungskatalog</subfield>
   <subfield code="y">2009</subfield>
   <subfield code="z">Ann Arbor, Mich.</subfield>
   <subfield code="0">(DE-588)4135467-9</subfield>
   <subfield code="0">(DE-627)10566491X</subfield>
   <subfield code="0">(DE-576)209660988</subfield>
   <subfield code="2">gnd-content</subfield>
  </datafield>
  <datafield tag="689" ind1="0" ind2="0">
   <subfield code="d">s</subfield>
   <subfield code="0">(DE-588)4496497-3</subfield>
   <subfield code="0">(DE-627)242400280</subfield>
   <subfield code="0">(DE-576)213035545</subfield>
   <subfield code="a">Normandie</subfield>
   <subfield code="g">Motiv</subfield>
   <subfield code="2">gnd</subfield>
  </datafield>
  <datafield tag="689" ind1="0" ind2="1">
   <subfield code="d">s</subfield>
   <subfield code="0">(DE-588)4037220-0</subfield>
   <subfield code="0">(DE-627)10623871X</subfield>
   <subfield code="0">(DE-576)209022892</subfield>
   <subfield code="a">Malerei</subfield>
   <subfield code="2">gnd</subfield>
  </datafield>
  <datafield tag="689" ind1="0" ind2="2">
   <subfield code="a">z</subfield>
   <subfield code="2">gnd</subfield>
   <subfield code="a">Geschichte 1850-1874</subfield>
  </datafield>
  <datafield tag="689" ind1="0" ind2=" ">
   <subfield code="5">(DE-627)</subfield>
  </datafield>
  <datafield tag="689" ind1="1" ind2="0">
   <subfield code="d">s</subfield>
   <subfield code="0">(DE-588)4045895-7</subfield>
   <subfield code="0">(DE-627)104434880</subfield>
   <subfield code="0">(DE-576)209067160</subfield>
   <subfield code="a">Fotografie</subfield>
   <subfield code="2">gnd</subfield>
  </datafield>
  <datafield tag="689" ind1="1" ind2=" ">
   <subfield code="5">(DE-627)</subfield>
  </datafield>
  <datafield tag="689" ind1="2" ind2="0">
   <subfield code="d">g</subfield>
   <subfield code="0">(DE-588)4042617-8</subfield>
   <subfield code="0">(DE-627)106213407</subfield>
   <subfield code="0">(DE-576)209051647</subfield>
   <subfield code="a">Normandie</subfield>
   <subfield code="2">gnd</subfield>
  </datafield>
  <datafield tag="689" ind1="2" ind2="1">
   <subfield code="d">s</subfield>
   <subfield code="0">(DE-588)4073859-0</subfield>
   <subfield code="0">(DE-627)106091379</subfield>
   <subfield code="0">(DE-576)209191694</subfield>
   <subfield code="a">Küste</subfield>
   <subfield code="g">Motiv</subfield>
   <subfield code="2">gnd</subfield>
  </datafield>
  <datafield tag="689" ind1="2" ind2=" ">
   <subfield code="5">(DE-627)</subfield>
  </datafield>
  <datafield tag="700" ind1="1" ind2=" ">
   <subfield code="a">McNamara, Carole</subfield>
   <subfield code="0">(DE-588)13688900X</subfield>
   <subfield code="0">(DE-627)588324426</subfield>
   <subfield code="0">(DE-576)301331375</subfield>
   <subfield code="4">oth</subfield>
  </datafield>
  <datafield tag="700" ind1="1" ind2=" ">
   <subfield code="a">Aubenas, Sylvie</subfield>
   <subfield code="d">1959-</subfield>
   <subfield code="0">(DE-588)136227082</subfield>
   <subfield code="0">(DE-627)64433293X</subfield>
   <subfield code="0">(DE-576)177763086</subfield>
   <subfield code="4">oth</subfield>
  </datafield>
  <datafield tag="710" ind1="2" ind2=" ">
   <subfield code="a">University of Michigan</subfield>
   <subfield code="b">Museum of Art</subfield>
   <subfield code="0">(DE-588)1046296-X</subfield>
   <subfield code="0">(DE-627)100074758</subfield>
   <subfield code="0">(DE-576)19141347X</subfield>
   <subfield code="4">oth</subfield>
  </datafield>
  <datafield tag="710" ind1="2" ind2=" ">
   <subfield code="a">Dallas Museum of Art</subfield>
   <subfield code="0">(DE-588)5281152-9</subfield>
   <subfield code="0">(DE-627)244003157</subfield>
   <subfield code="0">(DE-576)196960797</subfield>
   <subfield code="4">oth</subfield>
  </datafield>
  <datafield tag="787" ind1="0" ind2="8">
   <subfield code="i">Rezensiert in</subfield>
   <subfield code="a">Kelly, Simon, 1969 - </subfield>
   <subfield code="t">The lens of impressionism</subfield>
   <subfield code="d">2010</subfield>
   <subfield code="w">(DE-627)1762499630</subfield>
  </datafield>
  <datafield tag="856" ind1="4" ind2="2">
   <subfield code="u">https://swbplus.bsz-bw.de/bsz313863520inh.htm</subfield>
   <subfield code="m">B:DE-576;DE-16</subfield>
   <subfield code="q">application/pdf</subfield>
   <subfield code="v">20091217185028</subfield>
   <subfield code="x">Verlag</subfield>
   <subfield code="3">Inhaltsverzeichnis</subfield>
  </datafield>
  <datafield tag="889" ind1=" " ind2=" ">
   <subfield code="w">(DE-576)395080312</subfield>
  </datafield>
  <datafield tag="935" ind1=" " ind2=" ">
   <subfield code="i">Blocktest</subfield>
  </datafield>
  <datafield tag="936" ind1="b" ind2="k">
   <subfield code="a">21.02</subfield>
   <subfield code="j">Geschichte der Malerei</subfield>
   <subfield code="0">(DE-627)106406698</subfield>
  </datafield>
  <datafield tag="936" ind1="b" ind2="k">
   <subfield code="a">21.42</subfield>
   <subfield code="j">Geschichte der Photographie</subfield>
   <subfield code="0">(DE-627)106405713</subfield>
  </datafield>
  <datafield tag="951" ind1=" " ind2=" ">
   <subfield code="a">BO</subfield>
  </datafield>
  <datafield tag="990" ind1=" " ind2=" ">
   <subfield code="a">Normandie</subfield>
  </datafield>
  <datafield tag="990" ind1=" " ind2=" ">
   <subfield code="a">Malerei</subfield>
  </datafield>
  <datafield tag="990" ind1=" " ind2=" ">
   <subfield code="a">Geschichte 1850-1874</subfield>
  </datafield>
  <datafield tag="990" ind1=" " ind2=" ">
   <subfield code="a">Fotografie</subfield>
  </datafield>
  <datafield tag="990" ind1=" " ind2=" ">
   <subfield code="a">Normandie</subfield>
  </datafield>
  <datafield tag="990" ind1=" " ind2=" ">
   <subfield code="a">Küste</subfield>
  </datafield>
  <datafield tag="991" ind1=" " ind2=" ">
   <subfield code="a">Rezensiertes Werk</subfield>
  </datafield>
  <datafield tag="999" ind1=" " ind2=" ">
   <subfield code="a">KXP-PPN601951956</subfield>
   <subfield code="e">4635354067</subfield>
  </datafield>
 </record>
</collection>
